000 00317nam a2200133Ia 4500
005 20251222142008.0
008 251222s9999||||xx |||||||||||||| ||spa||
020 _a84-8316-303-9
082 _a372.21/B38
100 _aBeltran Llena, Jesús A.
245 0 _aEducar para el Siglo XXI:
264 _bCCS
942 _cLIB
999 _c10247
_d10247